[Event "34.Gold-Cup 2006 Meran"]
[Site "Meran/Südtirol (21.4.-29.4)"]
[Date "2006.04.23"]
[Round "3.6"]
[White "Perk, Egbert"]
[Black "Willin, Bernhard[51SUI]"]
[Result "1/2-1/2"]
[WhiteElo "1886"]
[BlackElo "1809"]
[PlyCount "106"]
[EventDate "2006.04.??"]
[Source "Chess-Org"]
[SourceDate "2006.09.01"]

1. d4 Nf6 2. c4 g6 3. Nc3 Bg7 4. e4 d6 5. Be2 Nbd7 6. Be3 e5 7. Qd2 exd4 8.
Bxd4 O-O 9. O-O-O Re8 10. f3 Ne5 11. g4 Be6 12. b3 Nc6 13. Be3 a5 14. h4 a4 15.
Nxa4 Bxg4 16. Bg5 Bh5 17. Nc3 Qd7 18. Nh3 Qe6 19. Bf4 Ne5 20. Rdf1 c6 21. Bg5
Ned7 22. Rd1 Bf8 23. Nf4 Qe5 24. Nxh5 gxh5 25. Rhg1 Kh8 26. Bf4 Qa5 27. Kb1 Ne5
28. Rc1 Be7 29. Rg5 Rg8 30. Qe3 Qa7 31. Qxa7 Rxa7 32. Rxg8+ Kxg8 33. Rg1+ Kf8
34. Bh6+ Ke8 35. Nd1 d5 36. Bg7 dxe4 37. Bxf6 Bxf6 38. fxe4 Ra5 39. b4 Ra4 40.
Rf1 Rxb4+ 41. Kc2 Ke7 42. a3 Ra4 43. Kb3 Ra5 44. Rf5 Bxh4 45. Rxh5 Bf6 46. Rxh7
b6 47. Ne3 Kf8 48. Nf5 Nd7 49. Nd6 Bg7 50. Rh5 Be5 51. Nc8 Nc5+ 52. Ka2 Bc7 53.
Rh8+ Kg7 1/2-1/2

[Event "34.Gold-Cup 2006 Meran"]
[Site "Meran/Südtirol (21.4.-29.4)"]
[Date "2006.04.23"]
[Round "3.8"]
[White "Meinke, Dietlind"]
[Black "Gerhards, Walter"]
[Result "1/2-1/2"]
[WhiteElo "1745"]
[BlackElo "1859"]
[PlyCount "67"]
[EventDate "2006.04.??"]
[Source "Chess-Org"]
[SourceDate "2006.09.01"]

1. e4 e6 2. Nc3 c5 3. f4 Nc6 4. Nf3 d5 5. Bb5 d4 6. Ne2 Bd7 7. O-O Qb6 8. Bxc6
Bxc6 9. d3 Nf6 10. Ne5 Be7 11. f5 exf5 12. Rxf5 Bd7 13. Nxd7 Nxd7 14. Nf4 O-O
15. Nd5 Qd8 16. Qg4 f6 17. Bh6 Rf7 18. Raf1 Kh8 19. Bd2 Bd6 20. Rh5 Qg8 21. Qe6
Bf8 22. Rxh7+ Qxh7 23. Qxf7 Bd6 24. Bf4 Ne5 25. Bxe5 Bxe5 26. g3 Qg8 27. Qxb7
Rb8 28. Qxa7 Rxb2 29. Qxc5 Qb8 30. Nf4 Kh7 31. h4 Rxa2 32. Qc4 Qb2 33. Rf2 Ra1+
34. Rf1 1/2-1/2

[Event "34.Gold-Cup 2006 Meran"]
[Site "Meran/Südtirol (21.4.-29.4)"]
[Date "2006.04.23"]
[Round "3.9"]
[White "Schuchardt, Heinz"]
[Black "Selkind, Leo"]
[Result "0-1"]
[WhiteElo "1735"]
[BlackElo "1814"]
[PlyCount "48"]
[EventDate "2006.04.??"]
[Source "Chess-Org"]
[SourceDate "2006.09.01"]

1. c4 Nf6 2. Nc3 d6 3. g3 g6 4. Bg2 Bg7 5. e3 O-O 6. d4 c6 7. Nge2 Nbd7 8. O-O
e5 9. b3 Qc7 10. Bb2 Re8 11. f3 Nf8 12. e4 Be6 13. d5 Bd7 14. Qd3 c5 15. Bc1 a6
16. Bd2 Rab8 17. a4 b6 18. Bg5 h6 19. Be3 b5 20. axb5 axb5 21. cxb5 Qb6 22. b4
Bxb5 23. Nxb5 Qxb5 24. Qxb5 Rxb5 0-1

[Event "34.Gold-Cup 2006 Meran"]
[Site "Meran/Südtirol (21.4.-29.4)"]
[Date "2006.04.23"]
[Round "3.10"]
[White "Kuhn, Hans[50]"]
[Black "Hapke, Yvonne[75]"]
[Result "1-0"]
[WhiteElo "1317"]
[BlackElo "1578"]
[PlyCount "109"]
[EventDate "2006.04.??"]
[Source "Chess-Org"]
[SourceDate "2006.09.01"]

1. e4 e5 2. Nf3 Nc6 3. d4 exd4 4. Nxd4 Bc5 5. Be3 Qf6 6. c3 Nge7 7. Be2 O-O 8.
O-O d6 9. Nxc6 Nxc6 10. Bxc5 dxc5 11. Bg4 Bxg4 12. Qxg4 Rad8 13. Qe2 Qh6 14.
Na3 Rd2 15. Qb5 b6 16. Nc4 Rdd8 17. Ne3 Qe6 18. f3 Ne5 19. Qe2 Rd7 20. c4 Rfd8
21. b3 Rd2 22. Qe1 R2d6 23. Rd1 Rxd1 24. Nxd1 Qd6 25. Ne3 Qd4 26. Qe2 c6 27.
Rd1 Nd3 28. Kf1 Qd7 29. Nc2 Qd6 30. Ne1 Qxh2 31. Rxd3 Qh1+ 32. Kf2 Qh4+ 33. Ke3
Qg5+ 34. f4 Qg3+ 35. Nf3 Re8 36. Qd2 g5 37. fxg5 Qg4 38. Rd8 Qxe4+ 39. Kf2 Kf8
40. Qd6+ Qe7 41. Qxe7+ Kxe7 42. Rxe8+ Kxe8 43. Ke3 Ke7 44. Ke4 f6 45. gxf6+
Kxf6 46. g4 a6 47. Kf4 b5 48. Ne5 a5 49. Nxc6 a4 50. cxb5 axb3 51. axb3 Ke6 52.
Ke4 Kd6 53. g5 Kc7 54. Kd5 Kb6 55. Kc4 1-0

[Event "34.Gold-Cup 2006 Meran"]
[Site "Meran/Südtirol (21.4.-29.4)"]
[Date "2006.04.23"]
[Round "3.11"]
[White "Josting, Friedel"]
[Black "Otto, Klaus[41Triebes]"]
[Result "1-0"]
[WhiteElo "1800"]
[BlackElo "1503"]
[PlyCount "111"]
[EventDate "2006.04.??"]
[Source "Chess-Org"]
[SourceDate "2006.09.01"]

1. Nf3 Nf6 2. d4 e6 3. Bf4 d5 4. Nbd2 c5 5. c3 Nc6 6. e3 a6 7. a4 Be7 8. Bd3
O-O 9. h3 cxd4 10. exd4 Bd6 11. Ne5 Qc7 12. Qe2 g6 13. g4 Nd7 14. Ndf3 Ncxe5
15. Nxe5 Nxe5 16. dxe5 Be7 17. O-O Bd7 18. Rfc1 Bc6 19. Qe3 Rfd8 20. Bc2 b5 21.
a5 Qa7 22. Qg3 Rac8 23. Rd1 Ba8 24. Rac1 Qc7 25. Be3 Bc5 26. Bg5 Be7 27. Be3
Bc5 28. Bxc5 Qxc5 29. Rd4 Qc7 30. h4 Kg7 31. h5 Qe7 32. Rcd1 Rc4 33. f4 Rg8 34.
hxg6 hxg6 35. R1d2 Rh8 36. Rh2 Rxh2 37. Kxh2 Rxd4 38. cxd4 Qc7 39. Qc3 Qxc3 40.
bxc3 Bc6 41. Kg3 Kh6 42. Kf3 Kg7 43. f5 gxf5 44. gxf5 Bd7 45. f6+ Kh6 46. Ke3
Kg5 47. Kd2 Kf4 48. Kc1 Ke3 49. Kb2 b4 50. Kb3 bxc3 51. Kxc3 Bb5 52. Bh7 Ke2
53. Bg6 Be8 54. Bd3+ Ke3 55. Bxa6 Bc6 56. Bc8 1-0

[Event "34.Gold-Cup 2006 Meran"]
[Site "Meran/Südtirol (21.4.-29.4)"]
[Date "2006.04.24"]
[Round "4.1"]
[White "Klages, Hans Juergen"]
[Black "Krieger, Hermann"]
[Result "1/2-1/2"]
[WhiteElo "2051"]
[BlackElo "2155"]
[PlyCount "46"]
[EventDate "2006.04.??"]
[Source "Chess-Org"]
[SourceDate "2006.09.01"]

1. c4 f5 2. Nc3 Nf6 3. g3 g6 4. Bg2 Bg7 5. d4 O-O 6. Nf3 d6 7. O-O Qe8 8. d5 a5
9. Be3 h6 10. a3 Bd7 11. b4 Ng4 12. Bd4 Ne5 13. Nxe5 dxe5 14. Be3 g5 15. d6 c6
16. dxe7 Rf7 17. Bc5 e4 18. Qd2 Bf6 19. g4 Bxe7 20. Bxe7 Qxe7 21. gxf5 Bxf5 22.
bxa5 Nd7 23. e3 Nc5 1/2-1/2

[Event "34.Gold-Cup 2006 Meran"]
[Site "Meran/Südtirol (21.4.-29.4)"]
[Date "2006.04.24"]
[Round "4.2"]
[White "Graf, Joachim[60]"]
[Black "Kreie, Guenter"]
[Result "1/2-1/2"]
[WhiteElo "2036"]
[BlackElo "1812"]
[PlyCount "96"]
[EventDate "2006.04.??"]
[Source "Chess-Org"]
[SourceDate "2006.09.01"]

1. d4 Nf6 2. Nf3 e6 3. c4 Bb4+ 4. Bd2 Be7 5. Nc3 d5 6. e3 O-O 7. Bd3 c5 8. O-O
Nc6 9. dxc5 dxc4 10. Bxc4 Bxc5 11. Qe2 e5 12. Ng5 Qe7 13. Nge4 Nxe4 14. Nxe4
Bb6 15. Nc3 Be6 16. Nd5 Bxd5 17. Bxd5 Nb4 18. Bxb7 Rab8 19. Be4 Rfc8 20. a3 Nc6
21. Rac1 Qe6 22. Rc2 f5 23. Bd3 Kh8 24. Rfc1 e4 25. Bc4 Qg6 26. Bb5 Ne7 27. Bb4
Rxc2 28. Qxc2 Qf6 29. Rd1 Ng6 30. Bc3 Qg5 31. Rd7 Ne7 32. Qe2 Rc8 33. Ba6 Rc6
34. Qd2 Rg6 35. Bf1 h5 36. Bd4 Bxd4 37. Qxd4 Nc6 38. Qc5 Kh7 39. Rd6 Ne7 40.
Qe5 Rxd6 41. Qxd6 Ng6 42. Qg3 Qf6 43. Qb8 Qe7 44. Qb5 Ne5 45. Qd5 g6 46. Bc4
Qg7 47. Qe6 Nxc4 48. Qxc4 Qxb2 1/2-1/2

[Event "34.Gold-Cup 2006 Meran"]
[Site "Meran/Südtirol (21.4.-29.4)"]
[Date "2006.04.24"]
[Round "4.3"]
[White "Siegmund, Rainer"]
[Black "Jacob, Konrad"]
[Result "0-1"]
[WhiteElo "2033"]
[BlackElo "1772"]
[PlyCount "112"]
[EventDate "2006.04.??"]
[Source "Chess-Org"]
[SourceDate "2006.09.01"]

1. d4 f5 2. g3 Nf6 3. Bg2 e6 4. c4 c6 5. Nf3 Be7 6. O-O d5 7. b3 O-O 8. Ba3 Ne4
9. Bxe7 Qxe7 10. Qc2 Bd7 11. Ne5 Be8 12. f3 Ng5 13. e3 Nd7 14. Nxd7 Qxd7 15.
Nd2 Bg6 16. f4 Ne4 17. c5 Bh5 18. Nf3 Bxf3 19. Bxf3 Rf6 20. b4 Rg6 21. Rab1 Nf6
22. Qe2 Ne4 23. Rb3 Qe7 24. Rfb1 Qh4 25. Bxe4 fxe4 26. b5 cxb5 27. Rxb5 b6 28.
cxb6 axb6 29. Rxb6 Qh3 30. Rb8+ Rxb8 31. Rxb8+ Kf7 32. Rb1 h5 33. Qg2 Qg4 34.
Rf1 h4 35. f5 exf5 36. Rf4 Qg5 37. Qf2 Rf6 38. Rxh4 Rc6 39. Rf4 g6 40. Qd2 Qd8
41. Rf2 Qc7 42. Kg2 Ke6 43. h4 Rc3 44. Qe2 Rd3 45. Qe1 Rc3 46. Re2 Rc1 47. Qf2
Qc4 48. Rb2 Qd3 49. a4 Qd1 50. g4 Qh1+ 51. Kg3 Rg1+ 52. Qg2 Rxg2+ 53. Rxg2 fxg4
54. a5 Qh3+ 55. Kf2 Qf3+ 56. Kg1 Qxe3+ 0-1

[Event "34.Gold-Cup 2006 Meran"]
[Site "Meran/Südtirol (21.4.-29.4)"]
[Date "2006.04.24"]
[Round "4.4"]
[White "Wulf, Adalbert"]
[Black "Kelchner, Hans"]
[Result "0-1"]
[WhiteElo "1755"]
[BlackElo "2019"]
[PlyCount "108"]
[EventDate "2006.04.??"]
[Source "Chess-Org"]
[SourceDate "2006.09.01"]

1. d4 d5 2. Nf3 Nf6 3. Bf4 c5 4. e3 Qb6 5. Qc1 Nc6 6. dxc5 Qxc5 7. Nbd2 Bf5 8.
Bd3 Bg6 9. a3 a5 10. O-O e6 11. Nb3 Qb6 12. Nbd4 Bc5 13. Bxg6 hxg6 14. Nxc6
bxc6 15. b3 Be7 16. Rb1 Ne4 17. c4 g5 18. Be5 f6 19. cxd5 cxd5 20. Bd4 Qd6 21.
g3 Kf7 22. Nd2 Qxa3 23. Nxe4 dxe4 24. Qc6 Qd6 25. Qxe4 f5 26. Qe5 Qxe5 27. Bxe5
g4 28. Rfc1 Rhc8 29. Kg2 Bf6 30. Bxf6 Kxf6 31. h4 Rab8 32. Rxc8 Rxc8 33. Ra1
Rc5 34. Ra4 Rb5 35. Kf1 g5 36. hxg5+ Kxg5 37. Kg2 Kf6 38. Kf1 Ke5 39. Kg1 Kd5
40. Kf1 Kc5 41. Rc4+ Kb6 42. Rc3 Rc5 43. Rd3 Kb5 44. Ke2 Rc2+ 45. Rd2 Rc3 46.
Kd1 Kb4 47. Rd8 Kxb3 48. Rb8+ Kc4 49. Rc8+ Kd3 50. Rd8+ Ke4 51. Rd4+ Kf3 52.
Rf4+ Kg2 53. Kd2 Ra3 54. Ke1 Ra2 0-1

[Event "34.Gold-Cup 2006 Meran"]
[Site "Meran/Südtirol (21.4.-29.4)"]
[Date "2006.04.24"]
[Round "4.5"]
[White "Gerhards, Walter"]
[Black "Kleifges, Matthias Dr.[63]"]
[Result "1/2-1/2"]
[WhiteElo "1859"]
[BlackElo "1996"]
[PlyCount "108"]
[EventDate "2006.04.??"]
[Source "Chess-Org"]
[SourceDate "2006.09.01"]

1. e4 e6 2. d4 d5 3. Nc3 Nf6 4. e5 Nfd7 5. f4 c5 6. Nf3 Nc6 7. Be3 cxd4 8. Nxd4
Qb6 9. Qd2 Qxb2 10. Rb1 Qa3 11. Bb5 Nxd4 12. Qxd4 b6 13. Qd3 Bb4 14. Rb3 Qa5
15. O-O O-O 16. Rfb1 Nc5 17. Bxc5 bxc5 18. Qh3 Ba6 19. Bxa6 Qxa6 20. f5 Bxc3
21. Qxc3 c4 22. Rb7 exf5 23. Re7 Rae8 24. Rbb7 Rxe7 25. Rxe7 Qb6+ 26. Kf1 f6
27. Ke2 Qc5 28. exf6 Rxf6 29. Qe5 f4 30. c3 Kf8 31. Rd7 Qe3+ 32. Qxe3 fxe3 33.
Kxe3 Ra6 34. Rxd5 Rxa2 35. Rg5 Ra6 36. Kd4 Rc6 37. Rc5 Rxc5 38. Kxc5 Ke7 39.
Kxc4 Kd6 40. Kb4 Kc6 41. Kc4 g5 42. g4 a5 43. Kd4 Kb5 44. Kd5 a4 45. c4+ Kb6
46. Kd6 Kb7 47. Kd7 Kb6 48. Kd6 a3 49. c5+ Kb5 50. c6 a2 51. c7 a1=Q 52. c8=Q
Qd4+ 53. Ke7 Qg7+ 54. Ke6 Qh6+ 1/2-1/2

[Event "34.Gold-Cup 2006 Meran"]
[Site "Meran/Südtirol (21.4.-29.4)"]
[Date "2006.04.24"]
[Round "4.6"]
[White "Muscolino, Attilio"]
[Black "Kuhn, Hans[50]"]
[Result "1-0"]
[WhiteElo "1797"]
[BlackElo "1317"]
[PlyCount "61"]
[EventDate "2006.04.??"]
[Source "Chess-Org"]
[SourceDate "2006.09.01"]

1. e4 e5 2. Nf3 d6 3. Bc4 Bg4 4. c3 Nf6 5. Qb3 Bh5 6. Ng5 d5 7. exd5 Bd6 8. d3
b6 9. Nd2 O-O 10. O-O h6 11. Nge4 Nxe4 12. Nxe4 Nd7 13. Nxd6 cxd6 14. f4 Re8
15. Qc2 Qh4 16. Bd2 Nf6 17. Be1 Qg4 18. Bg3 exf4 19. Rxf4 Qd7 20. a4 Re2 21.
Qb3 Qe7 22. h3 Re8 23. Raf1 Qe3+ 24. Kh2 g5 25. R4f2 Ng4+ 26. hxg4 Bxg4 27.
Rxe2 Bxe2 28. Re1 h5 29. d4 h4 30. Bxd6 h3 31. Rxe2 1-0

[Event "34.Gold-Cup 2006 Meran"]
[Site "Meran/Südtirol (21.4.-29.4)"]
[Date "2006.04.24"]
[Round "4.7"]
[White "Willin, Bernhard[51SUI]"]
[Black "Josting, Friedel"]
[Result "0-1"]
[WhiteElo "1809"]
[BlackElo "1800"]
[PlyCount "52"]
[EventDate "2006.04.??"]
[Source "Chess-Org"]
[SourceDate "2006.09.01"]

1. d4 Nf6 2. Nf3 e6 3. e3 b6 4. c4 Bb7 5. Bd3 Bb4+ 6. Nbd2 Ne4 7. O-O f5 8.
Bxe4 fxe4 9. Ne5 O-O 10. h3 Nc6 11. Nxc6 Bxc6 12. Qg4 Bxd2 13. Bxd2 Qe7 14.
Rfd1 Rf5 15. Be1 Raf8 16. Kh1 R8f6 17. Qg3 d6 18. Rac1 Rg6 19. Qh2 Rfg5 20. g3
Rh5 21. Kg1 Rgh6 22. Qg2 Rxh3 23. d5 Rh1+ 24. Qxh1 Rxh1+ 25. Kxh1 Be8 26. Bc3
Bh5 0-1

[Event "34.Gold-Cup 2006 Meran"]
[Site "Meran/Südtirol (21.4.-29.4)"]
[Date "2006.04.24"]
[Round "4.8"]
[White "Selkind, Leo"]
[Black "Perk, Egbert"]
[Result "1/2-1/2"]
[WhiteElo "1814"]
[BlackElo "1886"]
[PlyCount "94"]
[EventDate "2006.04.??"]
[Source "Chess-Org"]
[SourceDate "2006.09.01"]

1. e4 d6 2. d4 Nf6 3. Nc3 c6 4. f4 g6 5. Nf3 Bg7 6. Be2 O-O 7. e5 Nd5 8. Nxd5
cxd5 9. c3 Nc6 10. Qb3 dxe5 11. fxe5 h6 12. O-O Na5 13. Qd1 Qc7 14. Bf4 Qb6 15.
b3 Bf5 16. Qd2 Kh7 17. Bd3 Bxd3 18. Qxd3 Rac8 19. Rf2 f5 20. exf6 exf6 21. h4
f5 22. Ne5 Bxe5 23. Bxe5 Nc6 24. Bd6 Rf6 25. Bc5 Qc7 26. h5 Qf7 27. hxg6+ Qxg6
28. Qh3 b6 29. Ba3 Rg8 30. Raf1 Qg4 31. Qxg4 Rxg4 32. Rxf5 Rxf5 33. Rxf5 Rg5
34. Rf7+ Rg7 35. Rxg7+ Kxg7 36. Kf2 Kg6 37. Kf3 h5 38. Kf4 b5 39. Bc5 a6 40. g3
Kf6 41. a3 Kg6 42. Bb6 Kf6 43. Bc7 Kg6 44. Ke3 Kf5 45. c4 Ne7 46. c5 Nc6 47.
Kd3 Ke6 1/2-1/2

[Event "34.Gold-Cup 2006 Meran"]
[Site "Meran/Südtirol (21.4.-29.4)"]
[Date "2006.04.24"]
[Round "4.9"]
[White "Marek, Herbert"]
[Black "Meinke, Dietlind"]
[Result "0-1"]
[WhiteElo "1622"]
[BlackElo "1745"]
[PlyCount "88"]
[EventDate "2006.04.??"]
[Source "Chess-Org"]
[SourceDate "2006.09.01"]

1. d4 d5 2. c4 e6 3. Nc3 Nf6 4. e3 c6 5. Nf3 Qa5 6. Bd2 Qc7 7. Bd3 dxc4 8. Bxc4
Nbd7 9. e4 Nb6 10. Bd3 Be7 11. e5 Nfd5 12. Ng5 Bxg5 13. Bxg5 Nxc3 14. bxc3 Nd5
15. Rc1 Qa5 16. Qc2 h6 17. Bd2 Qa3 18. O-O Bd7 19. f4 Ne7 20. Rf3 O-O-O 21. c4
c5 22. Be4 Qa6 23. d5 f5 24. exf6 gxf6 25. Qb2 f5 26. Ra3 Qb6 27. Rb3 Qa6 28.
Bf3 Be8 29. dxe6 Bc6 30. Bxc6 Qxc6 31. Rb1 b6 32. Rb5 Rhg8 33. g3 Rd6 34. a4
Rxe6 35. Bc3 Ng6 36. Qf2 Rge8 37. R1b2 Qe4 38. a5 Qe3 39. axb6 Qc1+ 40. Kg2
axb6 41. Rxb6 Nxf4+ 42. gxf4 Rg8+ 43. Kh3 Qxc3+ 44. Kh4 Rg4+ 0-1

[Event "34.Gold-Cup 2006 Meran"]
[Site "Meran/Südtirol (21.4.-29.4)"]
[Date "2006.04.24"]
[Round "4.12"]
[White "Wagner, Gerhard[50Windach]"]
[Black "Otto, Klaus[41Triebes]"]
[Result "1/2-1/2"]
[WhiteElo "1399"]
[BlackElo "1503"]
[PlyCount "44"]
[EventDate "2006.04.??"]
[Source "Chess-Org"]
[SourceDate "2006.09.01"]

1. e4 e6 2. d4 d5 3. e5 c5 4. c3 Qb6 5. Nf3 Nc6 6. Be2 Nge7 7. O-O Nf5 8. dxc5
Bxc5 9. Bd3 g6 10. Nbd2 Bd7 11. Nb3 Bf8 12. Qe2 Bg7 13. Bf4 Qc7 14. Rfe1 Nfe7
15. Nc5 Bc8 16. b4 b6 17. Nb3 O-O 18. Nbd4 Nxd4 19. cxd4 Bb7 20. Rac1 Qd8 21.
Qd2 Rc8 22. Qb2 Qd7 1/2-1/2

[Event "34.Gold-Cup 2006 Meran"]
[Site "Meran/Südtirol (21.4.-29.4)"]
[Date "2006.04.25"]
[Round "5.1"]
[White "Jacob, Konrad"]
[Black "Klages, Hans Juergen"]
[Result "0-1"]
[WhiteElo "1772"]
[BlackElo "2051"]
[PlyCount "50"]
[EventDate "2006.04.??"]
[Source "Chess-Org"]
[SourceDate "2006.09.01"]

1. e4 c5 2. Nf3 Nc6 3. d4 cxd4 4. c3 d5 5. exd5 Qxd5 6. Be2 e5 7. cxd4 exd4 8.
O-O Nf6 9. Re1 Be7 10. Bg5 O-O 11. Bxf6 Bxf6 12. Nc3 Qd8 13. Ne4 Bf5 14. Nxf6+
Qxf6 15. h3 d3 16. Bf1 Qxb2 17. Rb1 Qxa2 18. Rxb7 Qd5 19. Re3 Rfe8 20. Qd2 Rxe3
21. Qxe3 Kf8 22. Qd2 Re8 23. Ne1 Rxe1 24. Qxe1 d2 25. Qd1 Bc2 0-1

[Event "34.Gold-Cup 2006 Meran"]
[Site "Meran/Südtirol (21.4.-29.4)"]
[Date "2006.04.25"]
[Round "5.2"]
[White "Kelchner, Hans"]
[Black "Graf, Joachim[60]"]
[Result "1/2-1/2"]
[WhiteElo "2019"]
[BlackElo "2036"]
[PlyCount "28"]
[EventDate "2006.04.??"]
[Source "Chess-Org"]
[SourceDate "2006.09.01"]

1. d4 d5 2. Nf3 Nf6 3. c4 e6 4. Nc3 Be7 5. cxd5 exd5 6. Bf4 O-O 7. Qc2 c6 8. e3
Re8 9. Bd3 Bb4 10. O-O Bxc3 11. bxc3 Nbd7 12. c4 dxc4 13. Bxc4 Nb6 14. Ne5 Nxc4
1/2-1/2

[Event "34.Gold-Cup 2006 Meran"]
[Site "Meran/Südtirol (21.4.-29.4)"]
[Date "2006.04.25"]
[Round "5.3"]
[White "Krieger, Hermann"]
[Black "Muscolino, Attilio"]
[Result "1-0"]
[WhiteElo "2155"]
[BlackElo "1797"]
[PlyCount "107"]
[EventDate "2006.04.??"]
[Source "Chess-Org"]
[SourceDate "2006.09.01"]

1. e4 c5 2. Nf3 e6 3. d4 cxd4 4. Nxd4 Nf6 5. Nc3 d6 6. g4 h6 7. Bg2 Nc6 8. h3
Qb6 9. Nb3 a6 10. Be3 Qc7 11. f4 Rb8 12. O-O b6 13. Qe2 Be7 14. Rad1 Na5 15.
Qf2 Nc4 16. Bc1 Nd7 17. Ne2 Bb7 18. Nbd4 b5 19. Kh2 Ncb6 20. Ng3 O-O 21. f5 e5
22. Nf3 d5 23. exd5 Nxd5 24. Nxe5 Bc5 25. Qe1 Rbe8 26. Bxd5 Rxe5 27. Bf4 Rxe1
28. Bxc7 Rxf1 29. Nxf1 Bc8 30. Bc6 Nf6 31. Kg3 Kh7 32. Kf4 Ne8 33. Bb8 Bb6 34.
Be5 b4 35. Ne3 a5 36. Nc4 Bc5 37. Nxa5 Be7 38. Nb3 Bg5+ 39. Kf3 Ba6 40. Nc5 Bc8
41. Rd4 g6 42. Ne4 Ng7 43. Nxg5+ hxg5 44. f6 Ne6 45. Rxb4 Ba6 46. Rb6 Bf1 47.
Kf2 Bxh3 48. Kg3 Bf1 49. Rb8 Rxb8 50. Bxb8 Nd4 51. Bd5 Kg8 52. c4 Ne6 53. b4
Kf8 54. a4 1-0

[Event "34.Gold-Cup 2006 Meran"]
[Site "Meran/Südtirol (21.4.-29.4)"]
[Date "2006.04.25"]
[Round "5.4"]
[White "Josting, Friedel"]
[Black "Meinke, Dietlind"]
[Result "1/2-1/2"]
[WhiteElo "1800"]
[BlackElo "1745"]
[PlyCount "52"]
[EventDate "2006.04.??"]
[Source "Chess-Org"]
[SourceDate "2006.09.01"]

1. Nf3 Nf6 2. d4 e6 3. Bg5 h6 4. Bh4 Be7 5. e3 b6 6. c4 Bb7 7. Nc3 d5 8. Bd3
dxc4 9. Bxc4 O-O 10. O-O Ne4 11. Bxe7 Qxe7 12. Qe2 Nxc3 13. bxc3 c5 14. Rfd1
Rd8 15. Rd2 Nd7 16. Rad1 Nf6 17. Ne5 Ne4 18. Rc2 Rac8 19. a4 cxd4 20. cxd4 Rc7
21. f3 Nf6 22. Rdc1 Rdc8 23. Bb3 Rxc2 24. Rxc2 Rxc2 25. Qxc2 Qb4 26. Nd3 Qa3
1/2-1/2

[Event "34.Gold-Cup 2006 Meran"]
[Site "Meran/Südtirol (21.4.-29.4)"]
[Date "2006.04.25"]
[Round "5.5"]
[White "Kreie, Guenter"]
[Black "Wulf, Adalbert"]
[Result "1-0"]
[WhiteElo "1812"]
[BlackElo "1755"]
[PlyCount "53"]
[EventDate "2006.04.??"]
[Source "Chess-Org"]
[SourceDate "2006.09.01"]

1. e4 d6 2. d4 e5 3. Nf3 Bg4 4. c3 Nd7 5. Bc4 Bxf3 6. Qxf3 Qf6 7. Nd2 h6 8. h4
g6 9. Qe3 Bg7 10. Nf3 a6 11. Bd2 Ne7 12. O-O-O Nc6 13. dxe5 Ncxe5 14. Nxe5 Nxe5
15. Be2 O-O 16. f4 Nc6 17. h5 Rfe8 18. hxg6 fxg6 19. Bc4+ Kf8 20. g4 Na5 21. g5
Nxc4 22. gxf6 Nxe3 23. fxg7+ Kxg7 24. Bxe3 Rxe4 25. Bd4+ Kh7 26. Rd2 Rf8 27.
Rxh6+ 1-0

[Event "34.Gold-Cup 2006 Meran"]
[Site "Meran/Südtirol (21.4.-29.4)"]
[Date "2006.04.25"]
[Round "5.6"]
[White "Kleifges, Matthias Dr.[63]"]
[Black "Siegmund, Rainer"]
[Result "1/2-1/2"]
[WhiteElo "1996"]
[BlackElo "2033"]
[PlyCount "47"]
[EventDate "2006.04.??"]
[Source "Chess-Org"]
[SourceDate "2006.09.01"]

1. e4 c5 2. c3 d5 3. exd5 Qxd5 4. d4 Nf6 5. Nf3 Bg4 6. Be2 e6 7. h3 Bh5 8. Na3
Nc6 9. O-O cxd4 10. Nb5 O-O-O 11. Nbxd4 Bc5 12. Be3 e5 13. c4 Qd7 14. Nxc6 Qxc6
15. Qb3 Rhe8 16. Rfe1 e4 17. Nd2 Bxe2 18. Rxe2 Rd3 19. Bxc5 Rxb3 20. Nxb3 b6
21. Be3 Kb7 22. c5 Nd5 23. cxb6 axb6 24. Rc1 1/2-1/2

[Event "34.Gold-Cup 2006 Meran"]
[Site "Meran/Südtirol (21.4.-29.4)"]
[Date "2006.04.25"]
[Round "5.7"]
[White "Perk, Egbert"]
[Black "Gerhards, Walter"]
[Result "0-1"]
[WhiteElo "1886"]
[BlackElo "1859"]
[PlyCount "78"]
[EventDate "2006.04.??"]
[Source "Chess-Org"]
[SourceDate "2006.09.01"]

1. d4 Nf6 2. c4 e5 3. dxe5 Ng4 4. Nf3 Bc5 5. e3 Nc6 6. Be2 O-O 7. O-O Ncxe5 8.
Nc3 d6 9. Ne4 Bb6 10. Nxe5 Nxe5 11. a4 Bf5 12. Ng3 Be6 13. b3 Qe7 14. Bb2 Rad8
15. a5 Bc5 16. Qc2 f5 17. Bd4 f4 18. Bxc5 fxg3 19. Bxa7 gxf2+ 20. Rxf2 Rxf2 21.
Kxf2 Qf6+ 22. Kg3 c5 23. h3 Nc6 24. Qe4 Qxa1 25. Qxe6+ Kh8 26. Bb6 Qe1+ 27. Kh2
Rg8 28. Bg4 Ne5 29. Qxd6 Qxe3 30. Bxc5 Nxg4+ 31. hxg4 Qxb3 32. Qd5 Qc3 33. Bb6
Rc8 34. c5 Qf6 35. Qxb7 Qh4+ 36. Kg1 Re8 37. Qf3 Re1+ 38. Qf1 Rxf1+ 39. Kxf1
Qxg4 0-1

[Event "34.Gold-Cup 2006 Meran"]
[Site "Meran/Südtirol (21.4.-29.4)"]
[Date "2006.04.25"]
[Round "5.8"]
[White "Willin, Bernhard[51SUI]"]
[Black "Selkind, Leo"]
[Result "1/2-1/2"]
[WhiteElo "1809"]
[BlackElo "1814"]
[PlyCount "71"]
[EventDate "2006.04.??"]
[Source "Chess-Org"]
[SourceDate "2006.09.01"]

1. Nf3 Nf6 2. d4 d6 3. b3 g6 4. Bb2 Bg7 5. Nbd2 O-O 6. e4 Nc6 7. d5 Nb8 8. Bd3
Nbd7 9. c4 Nc5 10. Bc2 a5 11. O-O e5 12. Qe2 Nh5 13. Rfe1 Nf4 14. Qf1 g5 15.
Kh1 g4 16. Ng1 Qg5 17. Re3 h5 18. Rae1 Bh6 19. Bc1 Qg7 20. Rc3 Kh7 21. g3 Nh3
22. Nxh3 gxh3 23. Nf3 Bxc1 24. Rxc1 Qg4 25. Re1 f5 26. exf5 Bxf5 27. Bxf5+ Qxf5
28. Qe2 e4 29. Nh4 Qg4 30. f3 exf3 31. Rxf3 Rxf3 32. Nxf3 Rf8 33. Qe7+ Kg8 34.
Ng5 Qf5 35. Nxh3 Qxh3 36. Qg5+ 1/2-1/2

[Event "34.Gold-Cup 2006 Meran"]
[Site "Meran/Südtirol (21.4.-29.4)"]
[Date "2006.04.25"]
[Round "5.9"]
[White "Schweitzer, Paul"]
[Black "Hapke, Yvonne[75]"]
[Result "1-0"]
[WhiteElo "1645"]
[BlackElo "1578"]
[PlyCount "67"]
[EventDate "2006.04.??"]
[Source "Chess-Org"]
[SourceDate "2006.09.01"]

1. Nf3 d5 2. d4 Bg4 3. Ne5 Bf5 4. c4 e6 5. Nc3 Nf6 6. e3 c6 7. cxd5 cxd5 8.
Qa4+ Nbd7 9. Bb5 a6 10. Bxd7+ Nxd7 11. g4 b5 12. Qd1 Bg6 13. h4 f6 14. h5 Nxe5
15. dxe5 Bf7 16. exf6 Qxf6 17. e4 Bc5 18. f4 d4 19. e5 Qd8 20. Ne4 Qd5 21. Qf3
O-O 22. Ng5 Qc4 23. Qe4 g6 24. Nxf7 Kxf7 25. hxg6+ Kg8 26. g7 Bb4+ 27. Bd2
Bxd2+ 28. Kxd2 Qb4+ 29. Kd1 Rf5 30. Qxa8+ Kxg7 31. gxf5 Qc4 32. f6+ Kg6 33.
Qe4+ Kf7 34. Qxh7+ 1-0

[Event "34.Gold-Cup 2006 Meran"]
[Site "Meran/Südtirol (21.4.-29.4)"]
[Date "2006.04.25"]
[Round "5.10"]
[White "Kuhn, Hans[50]"]
[Black "Schuchardt, Heinz"]
[Result "0-1"]
[WhiteElo "1317"]
[BlackElo "1735"]
[PlyCount "58"]
[EventDate "2006.04.??"]
[Source "Chess-Org"]
[SourceDate "2006.09.01"]

1. e4 g6 2. Nf3 d6 3. d4 Bg7 4. c3 Nf6 5. e5 dxe5 6. Nxe5 O-O 7. Be2 Nbd7 8.
Nf3 b6 9. O-O Bb7 10. Be3 Ne4 11. Nbd2 Ndf6 12. h3 Nd5 13. Qe1 Nxe3 14. fxe3 e6
15. Nxe4 Bxe4 16. Nd2 Bb7 17. Bf3 c6 18. Qg3 Rc8 19. Ne4 Ba6 20. Rf2 c5 21. Be2
Bxe2 22. Rxe2 e5 23. Rd2 exd4 24. exd4 cxd4 25. Rad1 Qe7 26. Qd3 f5 27. Nf2
dxc3 28. bxc3 Bxc3 29. Qd7 Rce8 0-1

[Event "34.Gold-Cup 2006 Meran"]
[Site "Meran/Südtirol (21.4.-29.4)"]
[Date "2006.04.25"]
[Round "5.11"]
[White "Wagner, Gerhard[50Windach]"]
[Black "Marek, Herbert"]
[Result "0-1"]
[WhiteElo "1399"]
[BlackElo "1622"]
[PlyCount "78"]
[EventDate "2006.04.??"]
[Source "Chess-Org"]
[SourceDate "2006.09.01"]

1. e4 c5 2. Nf3 e6 3. e5 d6 4. exd6 Bxd6 5. Nc3 a6 6. Be2 Nf6 7. O-O b5 8. d3
Bb7 9. Bg5 Nbd7 10. Ne4 Be7 11. Ng3 Qc7 12. Rc1 h6 13. Bxf6 Nxf6 14. c3 g5 15.
Nd2 O-O-O 16. b4 Nd5 17. Nde4 Nf4 18. f3 h5 19. Nxc5 Bxc5+ 20. bxc5 Qxc5+ 21.
d4 Qb6 22. Ne4 g4 23. Kh1 Kb8 24. Qe1 h4 25. Rc2 Rdg8 26. Nf6 Rd8 27. Nxg4 f5
28. Ne5 Rh7 29. Nd3 Nd5 30. Bd1 Rg8 31. Nc5 Nf4 32. Qe5+ Qc7 33. Qxc7+ Kxc7 34.
Nxb7 Kxb7 35. Rg1 Rhg7 36. Rb2 Nh3 37. Rf1 Nf4 38. Rg1 h3 39. g3 Nd5 0-1